[Event "Voronezh-ch"]
[Site "Voronezh"]
[Date "2013.03.14"]
[Round "3"]
[White "Polyansky, Viktor"]
[Black "Zyrianov, Valentin"]
[Result "1-0"]
[WhiteElo "1969"]
[BlackElo "1903"]
[PlyCount "48"]
[EventDate "2013.03.12"]
[EventType "swiss"]
[EventRounds "7"]
[EventCountry "RUS"]
[SourceTitle "CBM 153 Extra"]
[Source "ChessBase"]
[SourceDate "2013.04.22"]
[SourceVersion "1"]
[SourceVersionDate "2013.04.22"]
[SourceQuality "1"]

1. e4 c5 2. Nf3 d6 3. d4 cxd4 4. Nxd4 Nf6 5. Nc3 a6 6. Bg5 Nbd7 7. Qd2 h6 8. Be3 Ng4 9. Nd5 e6 10. Be2 Nxe3 11. Nxe6 Qh4 12. Nec7+ Kd8 13. Qxe3 Rb8 14. 0-0 Nc5 15. f4 Bg4 16. Bxg4 Qxg4 17. b4 Nd7 18. g3 h5 19. h3 Qg6 20. Rad1 f5 21. exf5 Qf7 22. Rfe1 Nf6 23. Ne6+ Kd7 24. Nb6+ Kc6 1-0

[Event "Dimitrovgrad-ch"]
[Site "Dimitrovgrad"]
[Date "2009.??.??"]
[Round "1"]
[White "Ponomariov, Timur"]
[Black "Zyrianov, Valentin"]
[Result "1-0"]
[WhiteElo "2290"]
[BlackElo "1965"]
[PlyCount "161"]
[EventDate "2009.08.??"]
[EventType "swiss"]
[EventRounds "9"]
[EventCountry "RUS"]
[SourceTitle "EXT 2012"]
[Source "ChessBase"]
[SourceDate "2011.11.24"]
[SourceVersion "1"]
[SourceVersionDate "2011.11.24"]
[SourceQuality "1"]

1. e4 c5 2. Nf3 d6 3. d4 cxd4 4. Nxd4 a6 5. c4 Nf6 6. Nc3 g6 7. Be2 Bg7 8. 0-0 0-0 9. Be3 Nc6 10. f3 Bd7 11. Nb3 Rc8 12. Rc1 Na5 13. Nxa5 Qxa5 14. Qd2 Qd8 15. Kh1 Bc6 16. Nd5 Nxd5 17. exd5 Bd7 18. Rfe1 Re8 19. Bd3 b6 20. b3 Rb8 21. a4 a5 22. Bg5 f6 23. Bh6 Rf8 24. Re4 Rf7 25. Rh4 Qf8 26. Re1 f5 27. Qg5 Bf6 28. Qxf6 exf6 29. Bxf8 Rbxf8 30. Kg1 Kg7 31. Bc2 Re8 32. Rxe8 Bxe8 33. Rd4 Re7 34. Kf2 Bd7 35. g3 h6 36. Rd1 Re8 37. Rb1 Rc8 38. Ke2 Re8+ 39. Kd2 Rc8 40. b4 Kf7 41. bxa5 bxa5 42. Kc3 Ke7 43. Kd4 Rc7 44. Rb8 Be8 45. Ra8 Rc5 46. f4 h5 47. h4 Bd7 48. Rb8 Rc7 49. Kc3 Be8 50. Kb3 Bd7 51. Bd3 Rc5 52. Rb7 Kd8 53. Ra7 Ke7 54. Ra6 Be8 55. Rb6 Bd7 56. Be2 Be8 57. Bf3 Bd7 58. Rb7 Kd8 59. Kc3 Ke7 60. Kd4 Kd8 61. Bd1 Ke7 62. Rb8 Rc7 63. Rg8 Be8 64. Be2 Bf7 65. Ra8 Rc5 66. Ra7+ Ke8 67. Rb7 Rc8 68. Rb5 Ra8 69. Rb6 Kd7 70. Rb7+ Ke8 71. Rc7 Ra6 72. c5 dxc5+ 73. Kxc5 Ra8 74. Bb5+ Kf8 75. d6 Be6 76. Bc6 Rb8 77. Bd5 Bxd5 78. Kxd5 Rb3 79. Rc8+ Kf7 80. d7 Rd3+ 81. Kc6 1-0

[Event "Dimitrovgrad-ch"]
[Site "Dimitrovgrad"]
[Date "2009.??.??"]
[Round "8"]
[White "Zyrianov, Valentin"]
[Black "Koshelev, Vladimir"]
[Result "0-1"]
[WhiteElo "1965"]
[BlackElo "1975"]
[PlyCount "21"]
[EventDate "2009.08.??"]
[EventType "swiss"]
[EventRounds "9"]
[EventCountry "RUS"]
[SourceTitle "EXT 2012"]
[Source "ChessBase"]
[SourceDate "2011.11.24"]
[SourceVersion "1"]
[SourceVersionDate "2011.11.24"]
[SourceQuality "1"]

1. e4 d5 2. exd5 Nf6 3. d4 Bg4 4. Be2 Bxe2 5. Nxe2 Qxd5 6. 0-0 Nc6 7. c3 Qf5 8. Nd2 e5 9. dxe5 Nxe5 10. Re1 0-0-0 11. Nf3 0-1

[Event "Dimitrovgrad-ch"]
[Site "Dimitrovgrad"]
[Date "2009.??.??"]
[Round "6"]
[White "Zyrianov, Valentin"]
[Black "Kovalenko, Sergey"]
[Result "0-1"]
[WhiteElo "1965"]
[BlackElo "2175"]
[PlyCount "112"]
[EventDate "2009.08.??"]
[EventType "swiss"]
[EventRounds "9"]
[EventCountry "RUS"]
[SourceTitle "EXT 2012"]
[Source "ChessBase"]
[SourceDate "2011.11.24"]
[SourceVersion "1"]
[SourceVersionDate "2011.11.24"]
[SourceQuality "1"]

1. e4 e6 2. d4 d5 3. Nc3 dxe4 4. Nxe4 Bd7 5. Nf3 Bc6 6. Bd3 Be7 7. 0-0 Nf6 8. Qe2 0-0 9. c3 Nbd7 10. a3 Nxe4 11. Bxe4 Bxe4 12. Qxe4 c6 13. Qe2 Re8 14. Qc2 Qc7 15. Bd2 Rad8 16. Rae1 c5 17. Qc1 cxd4 18. Nxd4 Bf6 19. Be3 a6 20. Nf3 Nb6 21. Bxb6 Qxb6 22. Rd1 g6 23. h3 Qb5 24. Rfe1 Qf5 25. Rxd8 Rxd8 26. Rd1 Rd5 27. Rxd5 Qxd5 28. Qd2 Qxd2 29. Nxd2 Bg5 30. Nb3 b6 31. Kf1 Kf8 32. Ke2 Ke7 33. c4 Bf6 34. a4 Bxb2 35. Kd3 Kd6 36. f3 Ba3 37. Ke4 f5+ 38. Ke3 Bc5+ 39. Kd3 a5 40. Nc1 Bg1 41. Nb3 Ke5 42. Nc1 Bc5 43. Ne2 g5 44. Nc3 Bf2 45. Ne2 Kd6 46. Kc3 Kc5 47. Kb3 Be1 48. g4 h6 49. f4 Bd2 50. gxf5 exf5 51. Ng3 gxf4 52. Nxf5 f3 53. Ng3 Bf4 54. Ne4+ Kd4 55. Nf2 Bg3 56. Ng4 f2 0-1

[Event "Voronezh Region-ch Seniors"]
[Site "Voronezh"]
[Date "2008.11.26"]
[Round "8"]
[White "Khripunov, Alexander"]
[Black "Zyrianov, Valentin"]
[Result "1/2-1/2"]
[WhiteElo "1993"]
[BlackElo "1970"]
[PlyCount "93"]
[EventDate "2008.11.18"]
[EventType "swiss"]
[EventRounds "9"]
[EventCountry "RUS"]
[SourceTitle "EXT 2010"]
[Source "ChessBase"]
[SourceDate "2010.11.25"]
[SourceVersion "1"]
[SourceVersionDate "2010.11.25"]
[SourceQuality "1"]

1. c4 Nf6 2. Nc3 g6 3. g3 Bg7 4. Bg2 0-0 5. d4 d6 6. Nf3 Nbd7 7. e4 c6 8. 0-0 e5 9. h3 Re8 10. Re1 Qc7 11. d5 cxd5 12. cxd5 a6 13. Be3 b5 14. a3 Bb7 15. Rc1 Qd8 16. Qd2 Rc8 17. Bg5 Nc5 18. Qd1 h6 19. Bxf6 Qxf6 20. b4 Nd7 21. a4 bxa4 22. Nxa4 Qd8 23. Qb3 Nb6 24. Nd2 Nxa4 25. Qxa4 Bf8 26. Bf1 Qb6 27. Nb3 Rxc1 28. Rxc1 Rc8 29. Rxc8 Bxc8 30. Kg2 Qc7 31. Nd2 Qc3 32. Nc4 Qe1 33. Ne3 Qb1 34. Qc2 Qxc2 35. Nxc2 Be7 36. Ne3 Bd8 37. Nc4 Bc7 38. f4 f6 39. Kf3 Kf7 40. fxe5 fxe5 41. Ke3 Ke7 42. Kd3 Kd8 43. Kc3 Bb7 44. Be2 Bc8 45. Bf1 Ke7 46. Kd2 Kf6 47. Ke3 1/2-1/2

[Event "Voronezh Region-ch Seniors"]
[Site "Voronezh"]
[Date "2008.11.19"]
[Round "2"]
[White "Nartov, Albert"]
[Black "Zyrianov, Valentin"]
[Result "0-1"]
[WhiteElo "1863"]
[BlackElo "1970"]
[PlyCount "126"]
[EventDate "2008.11.18"]
[EventType "swiss"]
[EventRounds "9"]
[EventCountry "RUS"]
[SourceTitle "EXT 2010"]
[Source "ChessBase"]
[SourceDate "2010.11.25"]
[SourceVersion "1"]
[SourceVersionDate "2010.11.25"]
[SourceQuality "1"]

1. Nf3 Nf6 2. d4 e6 3. Nc3 d5 4. a3 Nbd7 5. Bg5 Be7 6. e3 0-0 7. Bd3 b6 8. b4 Bb7 9. 0-0 Rc8 10. Rb1 c6 11. Re1 b5 12. Qd2 a6 13. e4 dxe4 14. Bxf6 Nxf6 15. Nxe4 Nxe4 16. Bxe4 g6 17. c3 Bf6 18. Qc2 Bg7 19. h4 Qd6 20. h5 Rce8 21. Rbd1 Bc8 22. hxg6 fxg6 23. Ne5 Bd7 24. g3 Rf6 25. Kg2 Ref8 26. f3 Be8 27. Rh1 Qc7 28. Rh3 Rf5 29. Bxf5 exf5 30. f4 Bf7 31. Kf2 Bd5 32. Nf3 Re8 33. Rdh1 Re7 34. R1h2 Qd6 35. Ne5 h5 36. Nf3 Bc4 37. Ne5 Bd5 38. Kg1 Qe6 39. Re2 Be4 40. Qd2 Qd6 41. Rhh2 Bf8 42. Nd3 Ra7 43. Nc5 Bd5 44. Re3 Bc4 45. Rh1 Bd5 46. Rh2 Bc4 47. Rf2 Kg7 48. Kh2 Be7 49. Qe1 h4 50. Ne6+ Kg8 51. Ng5 hxg3+ 52. Rxg3 Bxg5 53. Rxg5 Rh7+ 54. Kg3 Re7 55. Qd2 Bd5 56. Rh2 Kg7 57. Qd3 Re4 58. Rf2 Qe6 59. Kh4 Re3 60. Qd2 Qe8 61. Qd1 Qh8+ 62. Qh5 Qxh5+ 63. Rxh5 gxh5 0-1

[Event "Voronezh Region-ch Seniors"]
[Site "Voronezh"]
[Date "2008.11.18"]
[Round "1"]
[White "Zyrianov, Valentin"]
[Black "Kaverin, Boris"]
[Result "0-1"]
[WhiteElo "1970"]
[BlackElo "2114"]
[PlyCount "78"]
[EventDate "2008.11.18"]
[EventType "swiss"]
[EventRounds "9"]
[EventCountry "RUS"]
[SourceTitle "EXT 2010"]
[Source "ChessBase"]
[SourceDate "2010.11.25"]
[SourceVersion "1"]
[SourceVersionDate "2010.11.25"]
[SourceQuality "1"]

1. e4 c5 2. c3 Nf6 3. e5 Nd5 4. d4 cxd4 5. cxd4 Nc6 6. Nc3 e6 7. Nxd5 exd5 8. Nf3 d6 9. exd6 Bxd6 10. Be2 0-0 11. 0-0 Qb6 12. a3 Bg4 13. b4 Rfe8 14. Be3 h6 15. h3 Bh5 16. Qd2 Ne7 17. g4 Bg6 18. Ne5 Rac8 19. Rac1 f6 20. Nxg6 Nxg6 21. Bf3 Ne7 22. Qa2 Bb8 23. Rxc8 Rxc8 24. Bxd5+ Kh8 25. Bg2 Qd6 26. Re1 Ng6 27. Qd2 Qh2+ 28. Kf1 Nh4 29. f4 Nxg2 30. Qxg2 Bxf4 31. Qxh2 Bxh2 32. d5 b6 33. Rd1 Bd6 34. Ke2 Rc2+ 35. Rd2 Rc3 36. Rd3 Rc2+ 37. Kf3 Rc4 38. Bd4 Kg8 39. h4 Kf7 0-1

[Event "Voronezh-ch sf"]
[Site "Voronezh"]
[Date "2007.02.08"]
[Round "3"]
[White "Zyrianov, Valentin"]
[Black "Gerasko, Viacheslav"]
[Result "0-1"]
[WhiteElo "1992"]
[BlackElo "2097"]
[PlyCount "54"]
[EventDate "2007.02.06"]
[EventType "swiss"]
[EventRounds "9"]
[EventCountry "RUS"]
[SourceTitle "EXT 2019"]
[Source "ChessBase"]
[SourceDate "2018.10.10"]
[SourceVersion "1"]
[SourceVersionDate "2018.10.10"]
[SourceQuality "1"]

1. d4 Nf6 2. Nf3 d5 3. c4 dxc4 4. Nc3 e6 5. e4 c5 6. Bxc4 cxd4 7. Qxd4 Qxd4 8. Nxd4 a6 9. f3 b5 10. Bb3 Bb7 11. Be3 Nbd7 12. 0-0-0 Rc8 13. Kb1 Bb4 14. Nde2 Nc5 15. Bc2 Ncd7 16. a3 Bc5 17. Bxc5 Rxc5 18. Nd4 0-0 19. Nb3 Rc7 20. Rhe1 Nb6 21. Na5 Ba8 22. Rd6 Nfd7 23. Red1 g6 24. g3 Kg7 25. f4 Rb8 26. e5 Bf3 27. R1d2 Nc5 0-1

[Event "Voronezh Region-ch Seniors"]
[Site "Voronezh"]
[Date "2006.11.26"]
[Round "1"]
[White "Matveenko, Yury"]
[Black "Zyrianov, Valentin"]
[Result "1-0"]
[WhiteElo "2182"]
[BlackElo "1992"]
[PlyCount "81"]
[EventDate "2006.11.26"]
[EventType "tourn"]
[EventRounds "11"]
[EventCountry "RUS"]
[SourceTitle "EXT 2019"]
[Source "ChessBase"]
[SourceDate "2018.10.10"]
[SourceVersion "1"]
[SourceVersionDate "2018.10.10"]
[SourceQuality "1"]

1. e4 c5 2. Na3 Nc6 3. c3 Nf6 4. Qe2 d6 5. f4 a6 6. Nf3 b5 7. g3 g6 8. Bg2 e5 9. d3 Bg7 10. 0-0 0-0 11. Kh1 Bd7 12. Be3 Rc8 13. Rad1 Qe7 14. Nh4 Ng4 15. Bg1 exf4 16. Rxf4 Nh6 17. Rff1 Bg4 18. Bf3 Qe6 19. Bxg4 Nxg4 20. Nc2 f5 21. Rde1 Rce8 22. Qg2 Qd7 23. exf5 Rxe1 24. Nxe1 g5 25. Qd5+ Kh8 26. Nhg2 Ne7 27. Qe4 Ne5 28. g4 d5 29. Qe2 Qd6 30. h3 h5 31. Bh2 hxg4 32. hxg4 Qh6 33. Kg1 N7c6 34. Ne3 d4 35. Nd5 dxc3 36. bxc3 Qh4 37. f6 Bh6 38. Bxe5 Nxe5 39. Qxe5 Qxg4+ 40. Ng2 Rf7 41. Nde3 1-0